[Event "Online Olym KO Stage 2020"]
[Site "chess.com INT"]
[Date "2020.08.28"]
[Round "2.21"]
[Board "2"]
[White "Wojtaszek, Radoslaw"]
[Black "Mamedov, Rauf"]
[Result "1-0"]
[WhiteTitle "GM"]
[BlackTitle "GM"]
[WhiteElo "2717"]
[BlackElo "2654"]
[WhiteTeam "Poland"]
[BlackTeam "Azerbaijan"]
[WhiteFideId "1118358"]
[BlackFideId "13401653"]
[EventDate "2020.08.27"]
[EventType "team"]

1. d4 Nf6 2. c4 g6 3. Nc3 Bg7 4. e4 d6 5. Nf3 O-O 6. Be2 Na6 7. O-O e5 8. Be3
Qe8 9. dxe5 dxe5 10. Rb1 c6 11. b4 Qe7 12. c5 Rd8 13. Qa4 Nc7 14. h3 a6 15. Rfd1
Bd7 16. Qc2 Nb5 17. Bxb5 axb5 18. Nd2 Nh5 19. a4 bxa4 20. Nxa4 Be6 21. Nf3 Nf4
22. Rxd8+ Qxd8 23. Bxf4 exf4 24. Rd1 Qe7 25. Nb6 Ra3 26. Qd2 Bc3 27. Qxf4 Bxb4
28. Qb8+ Kg7 29. Rd8 Rxf3 30. Rh8 Qxc5 31. gxf3 Qg5+ 32. Kh2 Qh5 33. Rg8+ Kh6
34. Qf4+ Qg5 35. Qxg5+ Kxg5 36. Kg2 Kh4 37. Rb8 Bxh3+ 38. Kg1 Be6 39. Rxb7 Bc5
40. Nd7 Bd4 41. Nf8 Ba2 42. Nxh7 c5 43. Kg2 g5 44. Nf8 g4 45. Nd7 Bc4 46. Rc7
Be2 47. fxg4 c4 48. f3 c3 49. Nc5 Bd1 50. Nd3 Bb3 51. Nc1 Be6 52. Ne2 Be5 53.
Rc5 f6 54. Nxc3 Kg5 55. Ne2 Kg6 56. f4 Bd6 57. Rc6 Bxg4 58. Rxd6 1-0

[Event "Online Olym KO Stage 2020"]
[Site "chess.com INT"]
[Date "2020.08.28"]
[Round "2.22"]
[Board "2"]
[White "Mamedov, Rauf"]
[Black "Wojtaszek, Radoslaw"]
[Result "1-0"]
[WhiteTitle "GM"]
[BlackTitle "GM"]
[WhiteElo "2654"]
[BlackElo "2717"]
[WhiteTeam "Azerbaijan"]
[BlackTeam "Poland"]
[WhiteFideId "13401653"]
[BlackFideId "1118358"]
[EventDate "2020.08.27"]
[EventType "team"]

1. e4 c6 2. d4 d5 3. Nc3 dxe4 4. Nxe4 Bf5 5. Ng3 Bg6 6. N1e2 e6 7. Nf4 Bd6 8.
Ngh5 Bxh5 9. Nxh5 g6 10. Ng3 Nf6 11. c3 Nbd7 12. Bc4 Qc7 13. Qf3 h5 14. Bg5 Be7
15. h4 Nd5 16. Bd2 N7f6 17. Bb3 a5 18. c4 Nb6 19. a3 Nbd7 20. O-O-O O-O 21. Bg5
b5 22. c5 Rae8 23. Rhe1 Nd5 24. Kb1 N7f6 25. Qd3 Nf4 26. Qd2 N4d5 27. Bc2 Nh7
28. Bh6 Bxh4 29. Ne4 Be7 30. g4 hxg4 31. Rh1 f5 32. Rdg1 Rf7 33. f3 Bf8 34. Bxf8
Rexf8 35. Nd6 Rg7 36. fxg4 f4 37. Rh6 Qe7 38. Rgh1 Qg5 39. Qh2 Ndf6 40. Ne4 Nxe4
41. Bxe4 Nf6 42. Bxc6 Nxg4 43. Rh8+ Kf7 44. Rxf8+ Kxf8 45. Qe2 Ne3 46. Qxb5 Qf5+
47. Ka2 Kf7 48. Qb8 Qc2 49. Qc7+ Kf6 50. Qe5+ Kf7 51. Be8+ Kxe8 52. Qxg7 Qc4+
53. Kb1 Qd3+ 54. Ka2 Qc4+ 55. Kb1 Qd3+ 56. Ka1 Nc2+ 57. Ka2 Qc4+ 58. b3 Nb4+ 59.
axb4 Qc2+ 60. Ka1 Qc3+ 61. Ka2 Qc2+ 62. Ka3 axb4+ 63. Ka4 Qa2+ 64. Kb5 1-0

[Event "Online Olym KO Stage 2020"]
[Site "chess.com INT"]
[Date "2020.08.28"]
[Round "2.23"]
[Board "1"]
[White "Socko, Monika"]
[Black "Mammadzada, Gunay"]
[Result "1-0"]
[WhiteTitle "GM"]
[BlackTitle "IM"]
[WhiteElo "2428"]
[BlackElo "2443"]
[WhiteTeam "Poland"]
[BlackTeam "Azerbaijan"]
[WhiteFideId "1106619"]
[BlackFideId "13403729"]
[EventDate "2020.08.27"]
[EventType "team"]

1. d4 d5 2. c4 c6 3. Nf3 Nf6 4. Nbd2 Bf5 5. Nh4 Be4 6. e3 e6 7. Be2 h6 8. Nxe4
dxe4 9. g3 Qa5+ 10. Bd2 Bb4 11. a3 Bxd2+ 12. Qxd2 Qc7 13. O-O O-O 14. Rac1 a5
15. f4 Rd8 16. Qc3 c5 17. f5 cxd4 18. exd4 Nc6 19. fxe6 Nxd4 20. exf7+ Qxf7 21.
Rce1 Rac8 22. Nf5 Nxf5 23. Rxf5 Qd7 24. Qxa5 Qd4+ 25. Kh1 Qxb2 26. Qb4 Rd2 27.
Qxb2 Rxb2 28. Bf1 Rd8 29. Rb5 Rdd2 30. Rxb2 Rxb2 31. Rc1 Kf7 32. c5 e3 33. Re1
Rc2 34. Rxe3 Rxc5 35. Be2 Nd7 36. Kg2 Ne5 37. h3 Ke6 38. g4 Kd6 39. Kf2 Nc4 40.
Rc3 Ne5 41. Rb3 Kc7 42. a4 b6 43. h4 Rc2 44. Rb4 Ra2 45. Ke3 g5 46. hxg5 hxg5
47. Bd1 Ng6 48. Bb3 Ra1 49. Bc2 Nf4 50. Rc4+ Kd6 51. Be4 Ra3+ 52. Kf2 Ke5 53.
Bf3 Nd3+ 54. Ke2 Nc5 55. Rb4 Nxa4 56. Rb5+ Kf6 57. Rf5+ Kg6 58. Be4 Kh6 59. Rf7
Ra2+ 60. Ke3 Ra3+ 61. Kd4 Nc3 62. Rh7# 1-0

[Event "Online Olym KO Stage 2020"]
[Site "chess.com INT"]
[Date "2020.08.28"]
[Round "2.31"]
[Board "1"]
[White "Nepomniachtchi, Ian"]
[Black "Erdos, Viktor"]
[Result "1-0"]
[WhiteTitle "GM"]
[BlackTitle "GM"]
[WhiteElo "2784"]
[BlackElo "2618"]
[WhiteTeam "Russia"]
[BlackTeam "Hungary"]
[WhiteFideId "4168119"]
[BlackFideId "719978"]
[EventDate "2020.08.27"]
[EventType "team"]

1. e4 c5 2. Nf3 d6 3. Bb5+ Nd7 4. d4 cxd4 5. Qxd4 a6 6. Bxd7+ Qxd7 7. c4 e5 8.
Qd3 Qc6 9. Nc3 Be6 10. b3 Rc8 11. a4 Nf6 12. O-O Be7 13. Rd1 Qb6 14. Rb1 h6 15.
Ba3 Rc6 16. h3 Nh5 17. Nd5 Bxd5 18. exd5 Rc7 19. c5 Rxc5 20. Bxc5 Qxc5 21. Rbc1
Qb6 22. Rc8+ Bd8 23. Nxe5 dxe5 24. Qf5 g6 25. Qxe5+ Kd7 26. Rc6 bxc6 27. dxc6+
Kc8 28. Qxh8 Nf4 29. Qe8 Ne6 30. b4 Qxb4 31. Rxd8+ Nxd8 32. Qd7+ Kb8 33. c7+ 1-0

[Event "Online Olym KO Stage 2020"]
[Site "chess.com INT"]
[Date "2020.08.28"]
[Round "2.31"]
[Board "2"]
[White "Gledura, Benjamin"]
[Black "Dubov, Daniil"]
[Result "1/2-1/2"]
[WhiteTitle "GM"]
[BlackTitle "GM"]
[WhiteElo "2620"]
[BlackElo "2699"]
[WhiteTeam "Hungary"]
[BlackTeam "Russia"]
[WhiteFideId "712779"]
[BlackFideId "24126055"]
[EventDate "2020.08.27"]
[EventType "team"]

1. d4 Nf6 2. c4 e6 3. Nf3 d5 4. g3 Bb4+ 5. Bd2 a5 6. Bg2 O-O 7. O-O dxc4 8. a3
Bxd2 9. Nbxd2 b5 10. b3 cxb3 11. Qxb3 c6 12. Rfc1 Bb7 13. Qb2 Nbd7 14. Ne1 e5
15. Bxc6 Bxc6 16. Rxc6 exd4 17. Ndf3 Rb8 18. Nd3 Qe8 19. Nxd4 Ne5 20. Nxe5 Qxe5
21. e3 h5 22. Ra6 h4 23. Rxa5 h3 24. Qe2 Rfc8 25. Qf1 Rc3 26. Re1 Ng4 27. Rxb5
Rxb5 28. Qxb5 Qxb5 29. Nxb5 Rc2 30. Rf1 f6 31. a4 g5 32. e4 Kg7 33. Nd6 Ra2 34.
Nf5+ 1/2-1/2

[Event "Online Olym KO Stage 2020"]
[Site "chess.com INT"]
[Date "2020.08.28"]
[Round "2.31"]
[Board "3"]
[White "Goryachkina, Aleksandra"]
[Black "Hoang, Thanh Trang"]
[Result "1-0"]
[WhiteTitle "GM"]
[BlackTitle "GM"]
[WhiteElo "2582"]
[BlackElo "2407"]
[WhiteTeam "Russia"]
[BlackTeam "Hungary"]
[WhiteFideId "4147103"]
[BlackFideId "12400149"]
[EventDate "2020.08.27"]
[EventType "team"]

1. d4 f5 2. Nc3 Nf6 3. Bg5 d5 4. e3 e6 5. Nf3 Be7 6. Bd3 O-O 7. O-O Ne4 8. Bxe7
Qxe7 9. Ne2 c5 10. c4 dxc4 11. Bxc4 Nc6 12. Rc1 Rd8 13. Qc2 cxd4 14. Nexd4 Nxd4
15. Nxd4 Kh8 16. Rfd1 Bd7 17. f3 Nf6 18. Bd3 Nd5 19. Qe2 Rac8 20. a3 Ba4 21.
Rxc8 Rxc8 22. Re1 Qf6 23. Qf2 Rd8 24. Bc4 g6 25. Bxd5 Rxd5 26. f4 e5 27. Nf3 e4
28. Nd4 Rc5 29. Qd2 Qb6 30. b3 Bb5 31. Rc1 Rxc1+ 32. Qxc1 Bc6 33. Qc3 Kg8 34.
Ne6 Kf7 35. Ng5+ Kg8 36. Qc4+ Kh8 37. Kf2 Qc7 38. Ne6 Qd7 39. Nd4 Bd5 40. Qc5 b6
41. Qf8+ Bg8 42. Qf6+ Qg7 43. Qd8 h6 44. h4 Kh7 45. h5 gxh5 46. Nxf5 Qf7 47. Nd4
h4 48. Qxh4 Qg7 49. Qd8 Bf7 50. Qe7 Kg8 51. Qxe4 Qf6 52. Qa8+ Kg7 53. Qf3 a5 54.
a4 Kh8 55. Qh3 h5 56. Qg3 Kh7 57. Kg1 h4 58. Qf3 Bg6 59. f5 Bf7 60. Qf4 Kg7 61.
Kh2 Kh7 62. Kh3 Kg7 63. Qg4+ Kf8 64. Qxh4 Qe5 65. Qd8+ Kg7 66. Qg5+ Kf8 67. Qh6+
Kg8 68. Qf4 Qh8+ 69. Qh4 Qe5 70. Qg3+ 1-0

[Event "Online Olym KO Stage 2020"]
[Site "chess.com INT"]
[Date "2020.08.28"]
[Round "2.31"]
[Board "5"]
[White "Esipenko, Andrey"]
[Black "Kozak, Adam"]
[Result "1/2-1/2"]
[WhiteTitle "GM"]
[BlackTitle "GM"]
[WhiteElo "2682"]
[BlackElo "2503"]
[WhiteTeam "Russia"]
[BlackTeam "Hungary"]
[WhiteFideId "24175439"]
[BlackFideId "753246"]
[EventDate "2020.08.27"]
[EventType "team"]

1. d4 Nf6 2. c4 e6 3. Nc3 Bb4 4. Qc2 d5 5. cxd5 exd5 6. Bg5 h6 7. Bh4 O-O 8. e3
c5 9. Bd3 c4 10. Bf5 Bxc3+ 11. bxc3 Bxf5 12. Qxf5 Qa5 13. Ne2 Ne4 14. O-O g6 15.
Qh3 Nc6 16. Rfc1 Rfe8 17. Qd7 Re6 18. f3 Ng5 19. Nf4 Rd8 20. Qxb7 Rb8 21. Qd7
Rd8 22. Qb7 Rb8 23. Qd7 Rd8 24. Qb7 1/2-1/2

[Event "Online Olym KO Stage 2020"]
[Site "chess.com INT"]
[Date "2020.08.28"]
[Round "2.31"]
[Board "6"]
[White "Gaal, Zsoka"]
[Black "Shuvalova, Polina"]
[Result "0-1"]
[WhiteTitle "WFM"]
[BlackTitle "WGM"]
[WhiteElo "2221"]
[BlackElo "2454"]
[WhiteTeam "Hungary"]
[BlackTeam "Russia"]
[WhiteFideId "777765"]
[BlackFideId "24171760"]
[EventDate "2020.08.27"]
[EventType "team"]

1. Nf3 d5 2. g3 Nf6 3. Bg2 e6 4. c4 d4 5. O-O c5 6. e3 Nc6 7. exd4 cxd4 8. d3
Bd6 9. Bg5 h6 10. Bxf6 Qxf6 11. Nbd2 Qd8 12. a3 a5 13. Rc1 O-O 14. c5 Bc7 15.
Re1 e5 16. Nc4 Re8 17. Nfd2 f5 18. b4 axb4 19. axb4 e4 20. dxe4 d3 21. Qb3 Kh8
22. b5 Nd4 23. Qxd3 fxe4 24. Bxe4 Nxb5 25. Bg6 Rf8 26. Qxd8 Bxd8 27. Nb3 Ra2 28.
Rc2 Rxc2 29. Bxc2 g5 30. Ne5 Kg7 31. Bd3 Nc7 32. Nd4 Bf6 33. Nb5 Nxb5 34. Bxb5
Rd8 35. Nc4 Rd5 36. Nb6 Rxc5 37. Bf1 Bf5 38. Bg2 Rb5 39. Nd5 Bd4 40. Ne3 Bg6 41.
h4 gxh4 42. gxh4 Rb2 43. Rd1 Bxe3 44. fxe3 b5 45. Rd7+ Kf6 46. Rd6+ Kg7 47. e4
b4 48. e5 b3 49. Rd7+ Kf8 50. Rb7 Rxg2+ 51. Kf1 Rg3 52. e6 Bc2 53. Kf2 Rg6 54.
e7+ Ke8 55. h5 Rf6+ 56. Ke3 Re6+ 57. Kd2 Rxe7 58. Rb6 Rd7+ 59. Kc1 Rh7 60. Rb8+
Kd7 61. Rb7+ Kc6 62. Rb4 Rf7 63. Rg4 Rf1+ 64. Kb2 Rh1 65. Rc4+ Kb5 66. Rb4+ Ka5
67. Rd4 Rxh5 68. Rd8 Rg5 69. Rh8 h5 70. Rh6 Kb4 71. Rb6+ Rb5 72. Rh6 Kc4 0-1

[Event "Online Olym KO Stage 2020"]
[Site "chess.com INT"]
[Date "2020.08.28"]
[Round "2.32"]
[Board "1"]
[White "Banusz, Tamas"]
[Black "Nepomniachtchi, Ian"]
[Result "0-1"]
[WhiteTitle "GM"]
[BlackTitle "GM"]
[WhiteElo "2628"]
[BlackElo "2784"]
[WhiteTeam "Hungary"]
[BlackTeam "Russia"]
[WhiteFideId "722413"]
[BlackFideId "4168119"]
[EventDate "2020.08.27"]
[EventType "team"]

1. d4 Nf6 2. Nf3 g6 3. c4 Bg7 4. Nc3 d5 5. cxd5 Nxd5 6. e4 Nxc3 7. bxc3 c5 8.
Bb5+ Nc6 9. Rb1 O-O 10. d5 Ne5 11. O-O a6 12. Bd3 Nxf3+ 13. Qxf3 b5 14. c4 Bd7
15. Bb2 Bxb2 16. Rxb2 Qa5 17. Qe2 bxc4 18. Bxc4 Rfb8 19. Rfb1 Rxb2 20. Rxb2 Bb5
21. h4 Qc3 22. Bxb5 axb5 23. Rxb5 Qa1+ 24. Qf1 Qd4 25. Qe2 c4 26. Rb1 c3 27. Qc2
Ra4 28. g3 Rb4 29. Kf1 Rb2 30. Rxb2 cxb2 31. Ke2 h5 32. a3 Qb6 33. Qb1 Qa6+ 34.
Kd2 Qxa3 35. Kc2 Qc5+ 36. Kxb2 Qxf2+ 37. Kc3 Qxg3+ 38. Kd4 Qxh4 39. Qb8+ Kg7 40.
Ke3 Qg5+ 41. Kd3 h4 42. e5 h3 0-1

[Event "Online Olym KO Stage 2020"]
[Site "chess.com INT"]
[Date "2020.08.28"]
[Round "2.32"]
[Board "2"]
[White "Artemiev, Vladislav"]
[Black "Gledura, Benjamin"]
[Result "1/2-1/2"]
[WhiteTitle "GM"]
[BlackTitle "GM"]
[WhiteElo "2716"]
[BlackElo "2620"]
[WhiteTeam "Russia"]
[BlackTeam "Hungary"]
[WhiteFideId "24101605"]
[BlackFideId "712779"]
[EventDate "2020.08.27"]
[EventType "team"]

1. c4 g6 2. g3 Bg7 3. Bg2 c5 4. Nc3 Nc6 5. d3 d6 6. e4 e6 7. Nge2 Nge7 8. O-O
O-O 9. Rb1 Rb8 10. a3 b6 11. b4 Bb7 12. Bf4 Ne5 13. Qd2 f5 14. Rfd1 N7c6 15.
bxc5 dxc5 16. exf5 gxf5 17. Qe3 Qf6 18. h3 Ne7 19. Nb5 Bxg2 20. Kxg2 N7c6 21. d4
cxd4 22. Nexd4 Nxd4 23. Nxd4 Rbc8 24. Rb5 Ng6 25. Qxe6+ Qxe6 26. Nxe6 Rf6 27.
Nxg7 Nxf4+ 28. gxf4 Kxg7 29. Rd7+ Kg6 30. Rxa7 Rxc4 31. Rb7 Rxf4 32. R5xb6 Ra4
33. Rb3 Rfa6 34. Rg3+ Kh6 35. Rbb3 Rg6 36. Kf3 Rxg3+ 37. fxg3 Kg5 38. Ke2 h5 39.
h4+ Kf6 40. Re3 Kg6 41. Rf3 Kf6 42. Kd2 Ke5 43. Kc2 Rg4 44. Kb3 f4 45. gxf4+ Kf5
46. a4 Rxh4 47. a5 Rg4 48. Kb4 Rg8 49. a6 h4 50. Kc5 Kg4 51. Rf1 Rf8 52. f5 h3
53. f6 h2 54. a7 Kg3 55. f7 Kg2 56. Ra1 h1=Q 57. Rxh1 Kxh1 58. Kd6 Ra8 59. Kc6
Rf8 60. Kd6 Ra8 61. Ke6 Kg2 62. Kf6 Kg3 63. Kg7 Rxa7 64. Kg8 Rxf7 65. Kxf7 1/2-1/2

[Event "Online Olym KO Stage 2020"]
[Site "chess.com INT"]
[Date "2020.08.28"]
[Round "2.32"]
[Board "3"]
[White "Papp, Petra"]
[Black "Lagno, Kateryna"]
[Result "1-0"]
[WhiteTitle "WGM"]
[BlackTitle "GM"]
[WhiteElo "2338"]
[BlackElo "2546"]
[WhiteTeam "Hungary"]
[BlackTeam "Russia"]
[WhiteFideId "739049"]
[BlackFideId "14109336"]
[EventDate "2020.08.27"]
[EventType "team"]

1. e4 e5 2. Nf3 Nc6 3. Bb5 Nf6 4. d3 Bc5 5. Bxc6 dxc6 6. Nbd2 Nd7 7. Nc4 f6 8.
Qe2 Nf8 9. Bd2 Qe7 10. O-O-O Be6 11. Kb1 O-O-O 12. Be3 Bxc4 13. dxc4 Ne6 14. Bc1
Rxd1 15. Rxd1 Rd8 16. Rxd8+ Qxd8 17. g3 Qd7 18. c3 a5 19. Ne1 Bb6 20. f3 Qd6 21.
Nd3 Nc5 22. Kc2 Nxd3 23. Qxd3 Qc5 24. Qe2 a4 25. b3 axb3+ 26. axb3 Qg1 27. Bd2
Qa1 28. Qd1 Qa2+ 29. Kd3 Bc5 30. b4 Be7 31. Qc2 Qa1 32. Qc1 Qa6 33. Qf1 b5 34.
c5 Qa2 35. Qh3+ Kd8 36. Qxh7 Bf8 37. Qf5 Qb1+ 38. Ke2 Qg1 39. Be1 Qxh2+ 40. Bf2
Qh1 41. Qe6 Qa1 42. Be1 Qa6 43. Qf7 Be7 44. Bd2 Kd7 45. f4 exf4 46. gxf4 Qc8 47.
e5 fxe5 48. fxe5 Qe8 49. e6+ Kd8 50. Qf5 Bf6 51. Bf4 Kc8 52. Kd3 Qd8+ 53. Kc2
Qe7 54. Be5 Bxe5 55. Qxe5 g5 56. Qf5 Kd8 57. Qg6 Kc8 58. Qg8+ Qd8 59. Qf7 Qd5
60. Qf8+ Kb7 61. e7 Qa2+ 62. Kd3 Qd5+ 63. Ke3 Qe5+ 64. Kf3 Qxc3+ 65. Kg4 Qxb4+
66. Kh5 Qh4+ 67. Kg6 Qe4+ 68. Kf7 Qf5+ 69. Kg7 Qe5+ 70. Kg8 Qd5+ 71. Qf7 1-0

[Event "Online Olym KO Stage 2020"]
[Site "chess.com INT"]
[Date "2020.08.28"]
[Round "2.32"]
[Board "4"]
[White "Gunina, Valentina"]
[Black "Gara, Ticia"]
[Result "0-1"]
[WhiteTitle "GM"]
[BlackTitle "WGM"]
[WhiteElo "2431"]
[BlackElo "2371"]
[WhiteTeam "Russia"]
[BlackTeam "Hungary"]
[WhiteFideId "4167570"]
[BlackFideId "717444"]
[EventDate "2020.08.27"]
[EventType "team"]

1. d4 Nf6 2. c4 e6 3. g3 Bb4+ 4. Bd2 a5 5. Bg2 O-O 6. Nf3 b6 7. O-O Bb7 8. Bf4
Be7 9. Nc3 Ne4 10. Qc2 Nxc3 11. Qxc3 d6 12. Rfe1 Nd7 13. a3 Be4 14. Rad1 a4 15.
Bf1 g5 16. Bc1 f5 17. Nd2 Bb7 18. e4 f4 19. e5 dxe5 20. Bh3 Rf6 21. dxe5 Rh6 22.
Bg4 fxg3 23. Qxg3 Nc5 24. Nf3 Qe8 25. h4 gxh4 26. Qf4 Rg6 27. Kh2 Qf8 28. Rg1
Qxf4+ 29. Bxf4 Rf8 30. Rd4 Kh8 31. Bh5 Rxg1 32. Nxg1 Nb3 33. Rd7 Rxf4 34. Rxe7
Rxf2+ 35. Kh3 Nd4 36. Rxc7 Be4 37. Kxh4 Rg2 38. Bf7 Rxg1 39. Rc8+ Kg7 0-1

[Event "Online Olym KO Stage 2020"]
[Site "chess.com INT"]
[Date "2020.08.28"]
[Round "2.32"]
[Board "5"]
[White "Kozak, Adam"]
[Black "Sarana, Alexey"]
[Result "1/2-1/2"]
[WhiteTitle "GM"]
[BlackTitle "GM"]
[WhiteElo "2503"]
[BlackElo "2654"]
[WhiteTeam "Hungary"]
[BlackTeam "Russia"]
[WhiteFideId "753246"]
[BlackFideId "24133795"]
[EventDate "2020.08.27"]
[EventType "team"]

1. d4 Nf6 2. c4 e6 3. Nf3 d5 4. Nc3 Bb4 5. Qa4+ Nc6 6. Bg5 dxc4 7. e4 Bd7 8. Qc2
h6 9. Bd2 b5 10. Be2 a6 11. O-O O-O 12. e5 Nd5 13. Ne4 Be7 14. b3 Ncb4 15. Qc1
Nd3 16. Bxd3 cxd3 17. Bxh6 gxh6 18. Qxh6 f5 19. Qg6+ Kh8 20. Qh6+ Kg8 21. Qg6+
Kh8 1/2-1/2

[Event "Online Olym KO Stage 2020"]
[Site "chess.com INT"]
[Date "2020.08.28"]
[Round "2.32"]
[Board "6"]
[White "Shuvalova, Polina"]
[Black "Demeter, Dorina"]
[Result "1-0"]
[WhiteTitle "WGM"]
[BlackTitle "WFM"]
[WhiteElo "2454"]
[BlackElo "2033"]
[WhiteTeam "Russia"]
[BlackTeam "Hungary"]
[WhiteFideId "24171760"]
[BlackFideId "778079"]
[EventDate "2020.08.27"]
[EventType "team"]

1. e4 e5 2. Nf3 Nc6 3. Bb5 a6 4. Ba4 Nf6 5. O-O Be7 6. Re1 b5 7. Bb3 d6 8. c3
O-O 9. h3 Re8 10. d4 Bb7 11. Nbd2 Bf8 12. d5 Nb8 13. Nf1 Nbd7 14. N3h2 g6 15.
Ng4 Nxg4 16. hxg4 h6 17. Be3 Nf6 18. f3 Nh7 19. a4 Ng5 20. Qe2 Qd7 21. Ng3 Bg7
22. Red1 Kh7 23. Bc2 f6 24. b4 Bf8 25. Bb3 Reb8 26. Rd2 a5 27. axb5 axb4 28.
Rxa8 Bxa8 29. c4 Bb7 30. Ra2 Ra8 31. Rxa8 Bxa8 32. Qa2 Qc8 33. Qa5 Nf7 34. Qxb4
Nd8 35. Qa5 Bb7 36. Ne2 Kg7 37. Nc1 Be7 38. Nd3 Nf7 39. c5 dxc5 40. Nxc5 Bd6 41.
Qa7 Nd8 42. Ne6+ Nxe6 43. dxe6 Qa8 44. b6 c6 45. Bc4 Qxa7 46. bxa7 g5 47. Ba6
Ba8 48. Bb6 Kf8 49. Kf1 Ke7 50. Bc8 c5 51. Ba6 Kxe6 52. Bc4+ Kd7 53. Bd5 1-0

[Event "Online Olym KO Stage 2020"]
[Site "chess.com INT"]
[Date "2020.08.28"]
[Round "2.41"]
[Board "1"]
[White "So, Wesley"]
[Black "Ivanchuk, Vasyl"]
[Result "1-0"]
[WhiteTitle "GM"]
[BlackTitle "GM"]
[WhiteElo "2770"]
[BlackElo "2678"]
[WhiteTeam "United States of America"]
[BlackTeam "Ukraine"]
[WhiteFideId "5202213"]
[BlackFideId "14100010"]
[EventDate "2020.08.27"]
[EventType "team"]

1. e4 e6 2. d4 d5 3. Nd2 c5 4. Ngf3 Nf6 5. exd5 Nxd5 6. Nb3 cxd4 7. Nbxd4 Bb4+
8. Bd2 O-O 9. c3 Bd6 10. Bc4 Nb6 11. Bd3 N8d7 12. Qe2 e5 13. Bg5 Be7 14. Bxe7
Qxe7 15. O-O-O Nd5 16. Nf5 Qc5 17. Bc2 N7f6 18. Qxe5 Re8 19. Qd4 Qa5 20. Nd6 Rd8
21. Ne4 Bg4 22. Bb3 Rac8 23. Qe5 Nxe4 24. Rxd5 Nc5 25. Rhd1 Re8 26. Qd4 Be6 27.
Rg5 1-0

[Event "Online Olym KO Stage 2020"]
[Site "chess.com INT"]
[Date "2020.08.28"]
[Round "2.41"]
[Board "2"]
[White "Korobov, Anton"]
[Black "Shankland, Sam"]
[Result "1/2-1/2"]
[WhiteTitle "GM"]
[BlackTitle "GM"]
[WhiteElo "2688"]
[BlackElo "2691"]
[WhiteTeam "Ukraine"]
[BlackTeam "United States of America"]
[WhiteFideId "14105730"]
[BlackFideId "2004887"]
[EventDate "2020.08.27"]
[EventType "team"]

1. d4 Nf6 2. Nf3 d5 3. e3 c6 4. c4 e6 5. Nc3 Nbd7 6. Qc2 Bd6 7. Bd3 dxc4 8. Bxc4
O-O 9. O-O b5 10. Be2 Bb7 11. e4 e5 12. dxe5 Nxe5 13. Nh4 g6 14. f4 Neg4 15. g3
Bc5+ 16. Kh1 b4 17. Nd1 Bd4 18. Bf3 c5 19. e5 Nd5 20. Qg2 Qd7 21. h3 h5 22. hxg4
hxg4 23. Be4 f5 24. exf6 Rae8 25. Kh2 Rxf6 26. Nf2 g5 27. fxg5 Rxf2 28. Rxf2
Bxf2 29. Qxf2 Rxe4 30. Bd2 Qe6 31. Re1 Rxe1 32. Qxe1 Qxe1 33. Bxe1 c4 34. Nf5 c3
35. bxc3 bxc3 36. Nh6+ Kh7 37. Nxg4 Kg6 38. Nf2 Ba6 39. Nh3 c2 40. Bd2 Nb4 41.
Nf4+ Kf5 42. g4+ Ke4 43. a3 Na2 44. g6 Bc4 45. g7 c1=Q 46. Bxc1 Nxc1 47. Ng6 Nd3
48. Kg3 Ne5 49. Ne7 a5 50. g8=Q Bxg8 51. Nxg8 Nc4 52. a4 Nb6 53. Ne7 Nxa4 54.
Nc6 Nc5 55. Nxa5 Nd7 56. g5 Kf5 57. g6 Kxg6 1/2-1/2

[Event "Online Olym KO Stage 2020"]
[Site "chess.com INT"]
[Date "2020.08.28"]
[Round "2.41"]
[Board "5"]
[White "Xiong, Jeffery"]
[Black "Shevchenko, Kirill"]
[Result "1/2-1/2"]
[WhiteTitle "GM"]
[BlackTitle "GM"]
[WhiteElo "2709"]
[BlackElo "2592"]
[WhiteTeam "United States of America"]
[BlackTeam "Ukraine"]
[WhiteFideId "2047640"]
[BlackFideId "14129574"]
[EventDate "2020.08.27"]
[EventType "team"]

1. e4 c5 2. Nf3 d6 3. Bb5+ Nd7 4. d4 cxd4 5. Qxd4 a6 6. Bxd7+ Bxd7 7. Nc3 Rc8 8.
e5 f6 9. exd6 e5 10. Qd5 Qb6 11. O-O Qc6 12. Rd1 Qxd5 13. Rxd5 Bc6 14. Rd1 Rd8
15. Be3 Bxd6 16. Nd2 Ne7 17. Nc4 Bb4 18. Bb6 Rxd1+ 19. Rxd1 Kf7 20. Ba5 Bc5 21.
Bb6 Bb4 22. Ba5 Bc5 23. Bb6 Bb4 1/2-1/2

[Event "Online Olym KO Stage 2020"]
[Site "chess.com INT"]
[Date "2020.08.29"]
[Round "3.11"]
[Board "1"]
[White "Anand, Viswanathan"]
[Black "Duda, Jan-Krzysztof"]
[Result "0-1"]
[WhiteTitle "GM"]
[BlackTitle "GM"]
[WhiteElo "2753"]
[BlackElo "2753"]
[WhiteTeam "India"]
[BlackTeam "Poland"]
[WhiteFideId "5000017"]
[BlackFideId "1170546"]
[EventDate "2020.08.27"]
[EventType "team"]

1. e4 c5 2. Nf3 d6 3. d4 cxd4 4. Nxd4 Nf6 5. Nc3 a6 6. a4 g6 7. Be2 Bg7 8. O-O
O-O 9. Be3 Nc6 10. Qd2 Ng4 11. Bxg4 Bxg4 12. f3 Be6 13. Rfd1 Nxd4 14. Bxd4 Bxd4+
15. Qxd4 Rc8 16. Rd2 Rc4 17. Qf2 Qa5 18. Nd5 Bxd5 19. Rxd5 b5 20. b3 Rc3 21.
Rdd1 b4 22. Rd2 Rfc8 23. Re1 R8c5 24. h3 Qc7 25. Ree2 a5 26. Kh1 Qc8 27. Kg1 Qe6
28. Kh1 h5 29. Kg1 Qf6 30. Re3 Qf4 31. Rxc3 Rxc3 32. Rd1 Rc5 33. Rd2 g5 34. Re2
Kg7 35. Qd4+ f6 36. Qd2 Qg3 37. Qe3 Qe5 38. Qf2 Qf4 39. g3 Qc1+ 40. Kg2 Kf7 41.
Rd2 Qa1 42. Qe2 Qe5 43. Qf2 Qc3 44. Re2 Re5 45. Re3 Qc6 46. g4 h4 47. Re2 Rc5
48. Rd2 Rc3 49. Qe2 Qc5 50. Qf2 Ke6 51. Qe2 Qe5 52. Qf2 Qf4 53. Rd1 Kf7 54. Rf1
Qe3 55. Qxe3 Rxe3 56. Rf2 Ke6 57. Rd2 Rc3 58. Kf2 Rc5 59. Ke3 Ke5 60. Rd3 Rxc2
61. Rd5+ Ke6 62. Rxa5 Rc3+ 63. Kf2 Rxb3 64. Rb5 Kd7 65. Rb6 Kc7 66. a5 Ra3 67.
Rxb4 Rxa5 68. Rb2 Kd7 69. Rb7+ Ke6 70. Rc7 Ra2+ 71. Kg1 Rb2 72. Ra7 Rc2 73. Rb7
Ra2 74. Rc7 Ke5 75. Rxe7+ Kf4 76. Re6 Kg3 77. Kf1 Rf2+ 78. Ke1 Rxf3 0-1

[Event "Online Olym KO Stage 2020"]
[Site "chess.com INT"]
[Date "2020.08.29"]
[Round "3.11"]
[Board "6"]
[White "Sliwicka, Alicja"]
[Black "Divya, Deshmukh"]
[Result "1-0"]
[WhiteTitle "WIM"]
[BlackTitle "WIM"]
[WhiteElo "2317"]
[BlackElo "2305"]
[WhiteTeam "Poland"]
[BlackTeam "India"]
[WhiteFideId "1150677"]
[BlackFideId "35006916"]
[EventDate "2020.08.27"]
[EventType "team"]

1. e4 c5 2. Nf3 d6 3. d4 cxd4 4. Nxd4 Nf6 5. f3 Nc6 6. c4 e6 7. Nc3 Be7 8. Be2
O-O 9. Be3 d5 10. cxd5 exd5 11. Nxc6 bxc6 12. exd5 Nxd5 13. Nxd5 cxd5 14. O-O
Bf6 15. Qd2 Rb8 16. Rab1 Bf5 17. Bd3 Rxb2 18. Rxb2 Bxd3 19. Rd1 Bxb2 20. Qxd3
Qe7 21. Bf2 d4 22. Rb1 Qb4 23. Be1 Qa3 24. Qc4 Re8 25. Qb5 Qe3+ 26. Bf2 Qc3 27.
Qxe8# 1-0